000 00358nam a2200157Ia 4500
003 GCL
008 140319s9999 xx 000 0 ara d
040 _aGCL /
_cGCL
082 0 4 _a810.9
_bط ج
100 1 _aطه حسين
245 1 0 _aجنة الشوك /
_cطه حسين
490 _a
650 0 4 _aالادب
650 0 4 _aالقصص
942 _2ddc
_cBK
999 _c39517
_d39517